Vainqueurs de l'EuroBasket depuis sa création - Statistiques

Statistiques générales
  • Ce quiz a été pris 56 fois
  • Le résultat moyen est 36 sur 41
Statistiques - réponses
Hint Réponse % Correct
2009 Espagne
100%
2011 Espagne
100%
2015 Espagne
100%
2022 Espagne
100%
2013 France
100%
1987 Grèce
100%
2005 Grèce
100%
1993 Allemagne
98%
2007 Russie
94%
1947 URSS
94%
1951 URSS
94%
1953 URSS
94%
1957 URSS
94%
1959 URSS
94%
1961 URSS
94%
1963 URSS
94%
1965 URSS
94%
1967 URSS
94%
1969 URSS
94%
1971 URSS
94%
1979 URSS
94%
1981 URSS
94%
1985 URSS
94%
1983 Italie
92%
1999 Italie
92%
1973 Yougoslavie
84%
1975 Yougoslavie
84%
1977 Yougoslavie
84%
1989 Yougoslavie
84%
1991 Yougoslavie
84%
1995 Yougoslavie
84%
1997 Yougoslavie
84%
2001 Yougoslavie
84%
2017 Slovénie
82%
1937 Lituanie
78%
1939 Lituanie
78%
2003 Lituanie
78%
1955 Hongrie
67%
1935 Lettonie
67%
1946 Tchécoslovaquie
63%
1949 Egypte
18%
Aucun quiz correspondant
Distribution des résultats
% des personnes avec chaque résultat
Percentile par nombre de réponses
Votre historique - résultats
Vous n’avez pas pris ce quiz